| 000 | 00817nam a2200181Ia 4500 | ||
|---|---|---|---|
| 008 | 151202s9999||||xx |||||||||||||| ||und|| | ||
| 082 | _bPNVM-36287 | ||
| 100 | _aसंपा-अग्निहोत्री द.ह. | ||
| 245 | _aअभिनव मराठी मराठी शब्दकोश-भाग 4 . ब-व. | ||
| 260 | _b"व्हीनस प्रकाशन,पुणे." | ||
| 260 | _c1983 | ||
| 300 | _a542 | ||
| 600 | _aसंपा-अग्निहोत्री द.ह. | ||
| 630 | _aअभिनव मराठी मराठी शब्दकोश-भाग 4 . ब-व. | ||
| 700 | _aसंपा-अग्निहोत्री द.ह. | ||
| 730 | _aअभिनव मराठी मराठी शब्दकोश-भाग 4 . ब-व. | ||
| 942 | _cBOOK | ||
| 999 |
_c1302239 _d1302236 |
||